000 00847nam a22002057a 4500
999 _c19573
_d19573
003 AR-CdUCM
008 190518b ||||| |||| 00| 0 spa d
020 _a84-500-1-321-6
040 _aMUNICIPALIDAD PROVINCIAL DEL CUSCO
_cBIBLIOTECA MUNICIPAL DEL CUSCO
082 _a332.980 /
_bC48
100 _aCerrolaza Asenjo, Alberto
_940990
245 _aRecursos Financieros para el desarrollo latno - Americano /
260 _aMadrid :
_bAsociación latinoamericana de instituciones financieras de desarrollo,
_c1976.
300 _a431 paginas ;
_c27 cm.
505 _aContenido: Primera reunion extraordinaria de la asamblea general de alide -- El nuevo orden economico mundial -- La banca de fomento y la movilización de recursos
650 _aEconomia
_9382
650 _aAmericana
_924541
942 _2ddc
_cLIBROS
945 _apjha
_d2019-05-18